000 00534nam a2200217Ia 4500
003 OSt
005 20220928143441.0
006 a|||||r|||| 00| 0
007 ta
008 220927b |||||||| |||| 00| 0 eng d
024 _a22167
037 _cTextual
040 _aSDCL
_cSDCL
_beng
041 _2eng
_aeng
082 _aO15,1D05,2, N8
100 _aAshavagohsh
_9505461
245 0 _aSundarananda mahakavya.
260 _c1998
942 _hO15,1D05,2, N8
_cTEXL
_2CC
999 _c824177
_d824177